Проблемы обеспечения качества высшего образования в Кыргызской республике; Современные техника и технологии; Т. 3

Bibliographische Detailangaben
Parent link:Современные техника и технологии: сборник трудов XVIII международной научно-практической конференции студентов, аспирантов и молодых ученых, Томск, 9-13 апреля 2012 г/ Национальный исследовательский Томский политехнический университет (ТПУ).— , 2012
Т. 3.— 2012.— [С. 117-118]
1. Verfasser: Риферт К. П.
Körperschaft: Национальный исследовательский Томский политехнический университет (ТПУ)
Weitere Verfasser: Торобеков Б. Т. (научный руководитель)
Zusammenfassung:Заглавие с титульного листа
Sprache:Russisch
Veröffentlicht: 2012
Schriftenreihe:Секция 9: Контроль и управление качеством
Schlagworte:
Online-Zugang:http://www.lib.tpu.ru/fulltext/v/Conferences/2012/C2/V3/v3_056.pdf
Format: MixedMaterials Elektronisch Buchkapitel
KOHA link:https://koha.lib.tpu.ru/cgi-bin/koha/opac-detail.pl?biblionumber=225741

MARC

LEADER 00000nla2a2200000 4500
001 225741
005 20231031201029.0
035 |a (RuTPU)RU\TPU\book\246099 
090 |a 225741 
100 |a 20121115d2012 k y0rusy50 ca 
101 0 |a rus 
102 |a RU 
105 |a y z 101zy 
135 |a drcn ---uucaa 
181 0 |a i  
182 0 |a b 
200 1 |a Проблемы обеспечения качества высшего образования в Кыргызской республике  |b Электронный ресурс  |f К. П. Риферт  |g Национальный исследовательский Томский политехнический университет (ТПУ) ; науч. рук. Б. Т. Торобеков 
203 |a Текст  |c электронный 
215 |a 1 файл (799 Kb) 
225 1 |a Секция 9: Контроль и управление качеством 
230 |a Электронные текстовые данные (1 файл : 799 Kb) 
300 |a Заглавие с титульного листа 
320 |a [Библиогр.: с. 118 (3 назв.)] 
337 |a Adobe Reader 
461 1 |0 (RuTPU)RU\TPU\book\240890  |t Современные техника и технологии  |o сборник трудов XVIII международной научно-практической конференции студентов, аспирантов и молодых ученых, Томск, 9-13 апреля 2012 г  |o в 3 т.  |f Национальный исследовательский Томский политехнический университет (ТПУ)  |d 2012 
463 1 |0 (RuTPU)RU\TPU\book\245545  |t Т. 3  |v [С. 117-118]  |d 2012  |p 447 с. 
610 1 |a электронный ресурс 
610 1 |a высшее образование 
610 1 |a Кыргызстан 
610 1 |a качество 
700 1 |a Риферт  |b К. П. 
702 1 |a Торобеков  |b Б. Т.  |4 727 
712 0 2 |a Национальный исследовательский Томский политехнический университет (ТПУ)  |c (2009- )  |2 stltpush  |3 (RuTPU)RU\TPU\col\15902 
801 2 |a RU  |b 63413507  |c 20130924  |g RCR 
856 4 |u http://www.lib.tpu.ru/fulltext/v/Conferences/2012/C2/V3/v3_056.pdf 
942 |c CF